Antología de poetas andaluces contemporáneos / (Record no. 2738)
[ view plain ]
| 000 -CABECERA | |
|---|---|
| campo de control de longitud fija | 00684cam a2200217 a 4500 |
| 001 - NÚMERO DE CONTROL | |
| campo de control | 000002904 |
| 005 - FECHA Y HORA DE LA ÚLTIMA TRANSACCIÓN | |
| campo de control | 20200929150259.0 |
| 008 - DATOS DE LONGITUD FIJA--INFORMACIÓN GENERAL | |
| campo de control de longitud fija | 800605s1968 sp b 001 p spa |
| 040 ## - FUENTE DE LA CATALOGACIÓN | |
| Centro catalogador/agencia de origen | DO-SdBNP |
| Lengua de catalogación | spa |
| Centro/agencia transcriptor | BNPHU |
| 082 ## - NÚMERO DE LA CLASIFICACIÓN DECIMAL DEWEY | |
| Número de clasificación | 861.08 |
| Número de documento/Ítem | C227a |
| 100 1# - ENTRADA PRINCIPAL--NOMBRE DE PERSONA | |
| Nombre de persona | Cano, José Luis |
| Fechas asociadas al nombre | 1992-1999 |
| 9 (RLIN) | 9225 |
| 245 10 - MENCIÓN DE TÍTULO | |
| Título | Antología de poetas andaluces contemporáneos / |
| Mención de responsabilidad, etc. | José Luis Cano. |
| 250 ## - MENCIÓN DE EDICIÓN | |
| Mención de edición | 2da. ed. |
| 260 ## - PUBLICACIÓN, DISTRIBUCIÓN, ETC. | |
| Lugar de publicación, distribución, etc. | Madrid : |
| Nombre del editor, distribuidor, etc. | Cultura Hispánica, |
| Fecha de publicación, distribución, etc. | 1968. |
| 300 ## - DESCRIPCIÓN FÍSICA | |
| Extensión | 443 p. ; |
| Dimensiones | 20 cm. |
| 490 1# - MENCIÓN DE SERIE | |
| Mención de serie | La encina y el mar, |
| Designación de volumen o secuencia | 38 |
| 650 #4 - PUNTO DE ACCESO ADICIONAL DE MATERIA--TÉRMINO DE MATERIA | |
| Término de materia o nombre geográfico como elemento de entrada | Poesía española |
| Subdivisión general | Colecciones |
| 9 (RLIN) | 3395 |
| 650 #4 - PUNTO DE ACCESO ADICIONAL DE MATERIA--TÉRMINO DE MATERIA | |
| Término de materia o nombre geográfico como elemento de entrada | Poetas andaluces |
| 9 (RLIN) | 9226 |
| 650 #4 - PUNTO DE ACCESO ADICIONAL DE MATERIA--TÉRMINO DE MATERIA | |
| Término de materia o nombre geográfico como elemento de entrada | Poesía amorosa |
| 9 (RLIN) | 9227 |
| 830 #3 - PUNTO DE ACCESO ADICIONAL DE SERIE-TÍTULO UNIFORME | |
| Título uniforme | La encina y el mar, |
| Designación de volumen o secuencia | 38 |
| 9 (RLIN) | 9228 |
| Estado de retiro | Estado de pérdida | Restricciones de uso | No para préstamo | Código de colección | Localización permanente | Ubicación/localización actual | Ubicación en estantería | Fecha de adquisición | Número de inventario | Total de préstamos | Signatura topográfica completa | Código de barras | Fecha visto por última vez | Precio válido a partir de | Tipo de ítem Koha |
|---|---|---|---|---|---|---|---|---|---|---|---|---|---|---|---|
| Préstamo interno | Monografías: Libros y Folletos | General | General | En catalogación | 04.07.2009 | LF1 | 861.08 C227a | 2904-10 | 25.06.2020 | 25.06.2020 | Préstamo interno |
